Dance Moms Nia's Solos Quiz Stats

 Plays Quiz not verified by Sporcle

Score 0/17 Timer 10:00
0 Plays Today
Episode Title Dance % Correct
Guess Who's Back?Workin' Girl
65.7%
Miami Heat WaveBaila
63%
She's a FighterThey Call Me Laquifa
60.8%
Love on the Dance FloorBollywood
58.6%
The Runaway MomI'll Do Anything For You
55.8%
Solo FeverI Like the 60's
53.6%
Bye Bye BabyBreaking My Heart
50.3%
Welcome Back... Now Don't Get Too ComfyFreedom in Paradise
50.3%
Stealing the ShowYou Do
49.7%
Episode Title Dance % Correct
I Know What You Did Last CompetitionBound
49.7%
Family Comes FirstDamsel in Distress
49%
New Girl In Town20's Scat
48.6%
Wardrobe MalfunctionI'm Gonna Survive
47.2%
Wingman Down *my favorite Nia dance!*Down to the River
46.2%
The Dancing DeadBroadway Baby Tribute
42%
Boys Are Cuties, Girls Have CootiesA Hundred Years From Now
36.4%
Everyone's ReplaceableColors of Wonder
35.9%

You're not logged in!

Compare scores with friends on all Sporcle quizzes.
OR
Log In

You Might Also Like...

Show Comments

Extras

Top Quizzes Today


Score Distribution

Your Account Isn't Verified!

In order to create a playlist on Sporcle, you need to verify the email address you used during registration. Go to your Sporcle Settings to finish the process.

Report this User

Report this user for behavior that violates our Community Guidelines.

Details: